000 00348nam a2200133Ia 4500
008 240624s9999 xx 000 0 und d
041 _aeng
082 _a421 BAL
100 _aBALASUBRAMANIAN T
245 _aENGLISH PHONETICS FOR INDIAN STUDENTS A
260 _c2007
_aNew Delhi
_bMacmillan India
300 _a143 : p. : cm. ; 21
365 _cRS
_b32
999 _c6830
_d6830